L'histoire de France à travers ses monuments : Grande histoire et petits secrets (notice n° 1925723)
[ vue normale ]
| 000 -LEADER | |
|---|---|
| fixed length control field | 01086cam a2200133 4500500 |
| 005 - DATE AND TIME OF LATEST TRANSACTION | |
| control field | 20260329023234.0 |
| 041 ## - LANGUAGE CODE | |
| Language code of text/sound track or separate title | fre |
| 042 ## - AUTHENTICATION CODE | |
| Authentication code | dc |
| 100 10 - MAIN ENTRY--PERSONAL NAME | |
| Personal name | Gaston-Sloan, Delphine |
| Relator term | author |
| 245 00 - TITLE STATEMENT | |
| Title | L'histoire de France à travers ses monuments : Grande histoire et petits secrets |
| 260 ## - PUBLICATION, DISTRIBUTION, ETC. | |
| Name of publisher, distributor, etc. | Armand Colin,<br/> |
| Date of publication, distribution, etc. | 2023.<br/> |
| 520 ## - SUMMARY, ETC. | |
| Summary, etc. | Quel meilleur moyen pour découvrir l’Histoire de France qu’une excursion dans des lieux chargés de mémoire ? Ainsi, les grottes de Lascaux, le pont du Gard, le Louvre, la Sainte Chapelle, le château de Chenonceau, l'Opéra Garnier ou plus récemment le stade de France témoignent de notre passé. Évoquant à la fois des ouvrages d’architecture et de sculpture, Delphine Gaston-Sloan traverse les âges et nous livre la grande Histoire et les petits secrets de nos édifices. Au fil de chapitres riches en anecdotes, elle unit le patrimoine et l'Histoire pour le plaisir du savoir et de la lecture. |
| 856 41 - ELECTRONIC LOCATION AND ACCESS | |
| Uniform Resource Identifier | <a href="https://shs.cairn.info/l-histoire-de-france-a-travers-ses-monuments--9782200634216?lang=fr&redirect-ssocas=7080">https://shs.cairn.info/l-histoire-de-france-a-travers-ses-monuments--9782200634216?lang=fr&redirect-ssocas=7080</a> |
Pas d'exemplaire disponible.




Réseaux sociaux